| 000 | 00786nam a2200205Ii 4500 | ||
|---|---|---|---|
| 003 | JO-AjNU | ||
| 008 | 230605s9999||||xx |||||||||||||| ||und|| | ||
| 040 |
_aJO-AjNU _bara _erda _cJO-AjNU |
||
| 041 | _aara | ||
| 050 | 1 | 4 | _aU264.5.A846 1996 |
| 100 | 3 |
_aعطية، ممدوح حامد/تقديم جلال عبدالفتاح, _eauthor _98600 |
|
| 245 | 0 | 0 | _aالبرنامج النووي الاسرائيلي والامن القومي العربي |
| 264 | 3 | 1 | _aالقاهرة: الهيئة المصرية العامة للكتاب، 1996 |
| 300 | _a872ص | ||
| 336 |
_atext _btxt _2rdacontent |
||
| 337 |
_aunmediated _bn _2rdamedia |
||
| 338 |
_avolume _bnc _2rdacarrier |
||
| 490 | 0 | _aالالف كتاب الثاني212 | |
| 650 | 4 |
_aالبرناج النووي-اسرائيل _98601 |
|
| 999 |
_aA872 _c4440 _d4440 |
||